| 000 | 01037cam a2200145 4500500 | ||
|---|---|---|---|
| 005 | 20260405021229.0 | ||
| 041 | _afre | ||
| 042 | _adc | ||
| 100 | 1 | 0 |
_aDulac, Élodie _eauthor |
| 700 | 1 | 0 |
_aRobic-Diaz, Delphine _eauthor |
| 245 | 0 | 0 | _aL'Autre en images : Idées reçues et stéréotypes |
| 260 |
_bL'Harmattan,
_c2005. |
||
| 520 | _aA l’heure où les mots «respect» et «tolérance» sont sur toutes les lèvres, il nous a paru nécessaire de nous interroger sur les clichés identitaires qui conditionnent notre rapport aux autres. Que peuvent avoir en commun, par exemple, les analyses du Journal Télévisé de France 2 et des films de Youssef Chahine ? Le débat sur Maastricht et les photographies d’hystériques à la Salpêtrière ? Les formes d’altérité ici posées bénéficient d’approches croisées permettant de cerner au mieux les idées reçues diffusées par les images. | ||
| 856 | 4 | 1 | _uhttps://shs.cairn.info/lautre-en-images--9782747580359?lang=fr&redirect-ssocas=7080 |
| 999 |
_c2128682 _d2128682 |
||